000 00826nam a2200229Ia 4500
001 16939
003 GE_BSU
008 181216s||||||||xx |||||||||||||| ||und||
040 _cGE_BSU
080 _a821.353.1-1 + 821.353.1-11
100 _aბარათაშვილი, ნ. (ნიკოლოზ, 1817-1845)
245 _aლექსები ; ბედი ქართლისა
245 _bპოემა
245 _cსარედ. კოლ.: გ. აბაშიძე, პ. ინგოროყვა და სხვა
260 _aთბილისი
260 _bსაბჭ. საქართველო
260 _c1968
300 _a91 გვ. ; 17 სმ
653 _aლექსები ; ბედი ქართლისა
653 _aპოემა
942 _cBK
999 _c50002
_d50002